Most Retired MLB Jersey Numbers - Statistics

General Stats
  • This quiz has been taken 57 times
  • The average score is 7 of 12
Answer Stats
Times Retired Jersey # % Correct
9 1
97%
8 4
92%
7 3
87%
9 10
82%
7 5
77%
7 6
74%
8 11
64%
32 42
59%
10 14
31%
8 24
31%
11 20
23%
9 34
5%
No matching quizzes found
Score Distribution
Percent of People with Each Score
Percentile by Number Answered
Your Score History
You have not taken this quiz